Vodné bohatstvo Slovenska

Gespeichert in:
Bibliographische Detailangaben
1. Verfasser: Porubský, Anton (Verfasst von)
Format: Buch
Sprache:Slowakisch
Veröffentlicht: Bratislava : Veda, 1991
Ausgabe:1. vyd.
Schlagworte:
Tags: Tag hinzufügen
Keine Tags, Fügen Sie das erste Tag hinzu!

MARC

LEADER 00000nam a22000003a 4500
001 stu11259
005 20150617225805.2
008 950316s1991----cs------------------slo-d
020 |a 8022401072 
040 |a STU  |b slo 
041 0 |a slo 
044 |a cs 
100 1 |a Porubský, Anton  |4 aut 
245 1 |a Vodné bohatstvo Slovenska 
250 |a 1. vyd. 
260 |a Bratislava :  |b Veda,  |c 1991 
300 |a 318 s 
650 7 |a Voda-získavanie-úprava-čistenie-ochrana  |2 stusub 
650 7 |a vodné hospodárstvo  |2 stusub 
996 |b 284AU00739  |c A*1996 U  |l AAKNAR  |s A  |a 24  |w stu11259_0001